Statistics for Name 5-Letter Words Containing Each Letter A-Z

Click here to take the quiz!

General Stats

  • This quiz has been taken 56,892 times
  • The average score is 301 of 634

Answer Stats

Starts WithContains# PossibleExampleWords% Correct
AA513about
95%
BB621being
92%
CC681could
90%
AE205after
88%
BA223began
87%
FF441first
86%
DD470death
86%
SS1084shall
85%
CA264cause
85%
HH349house
84%
GG433great
84%
PP581place
83%
MM460might
83%
TT567their
83%
BE242being
83%
AL144alone
83%
BS247books
82%
LL416light
82%
WW303which
81%
CR210cried
80%
EE198every
80%
CS228cause
79%
CE264cried
79%
BR194bring
79%
RR434right
79%
DE227death
78%
SA406shall
78%
HE158house
78%
JJ139judge
78%
GA171great
78%
DA144death
78%
HS155house
77%
ST286still
77%
FS174first
77%
PA229place
77%
NN208never
77%
FA147faith
77%
FE195fresh
76%
TA212taken
76%
HA142heart
76%
QQ56quite
76%
TE260their
76%
DS187dress
76%
QU52quite
76%
AR138after
76%
GE162great
76%
GR142great
76%
BO183blood
76%
FR146first
76%
CO263could
76%
SE410since
76%
DR139drawn
75%
CL164could
75%
BL161black
75%
AB52about
75%
AO120about
75%
AT100about
75%
LE201large
75%
PS246parts
75%
BN117being
75%
LS168least
75%
PE252place
75%
WE142where
74%
WA108woman
74%
OO185other
74%
ME189money
74%
MS202means
74%
GS170girls
74%
MA187means
74%
TR207their
74%
KK220known
74%
FI130first
73%
RA165ready
73%
LA174large
73%
TS215these
73%
ZZ56zebra
73%
BK57black
73%
BI148being
73%
WS134words
72%
BD81blood
72%
VV167voice
72%
BC38black
72%
MO149money
72%
RS159rules
72%
AS157asked
72%
FL144field
71%
AN126again
71%
CH127child
71%
SR237short
71%
RE272ready
71%
AP44apply
71%
NE99never
71%
CN101clean
70%
PR174power
70%
EA51earth
70%
HO116house
70%
SI280still
70%
II120ideas
70%
JS58jokes
70%
TI152their
70%
YY100young
69%
PI165point
69%
SO263stood
69%
PO170power
69%
NS92names
69%
CI141child
69%
BT116built
69%
QE17quite
69%
MN87money
69%
AI148again
69%
ET58earth
69%
ER62every
69%
UU123under
69%
DI135doing
69%
OE94other
68%
FT77first
68%
GO127going
68%
SN201since
68%
LO117loves
68%
CD81could
68%
CT103coast
68%
FO109found
68%
WR75where
68%
PN117point
68%
PL132place
67%
AD86asked
67%
ZE27zones
67%
DO149doubt
67%
JE59judge
67%
DN74doing
67%
AG74again
67%
KS102knows
67%
AU56about
66%
MI132might
66%
SL235shall
66%
LI133light
66%
JA46jaded
66%
HR82heart
66%
WT56water
66%
CU120could
66%
GT70great
65%
KI73kings
65%
BU132bound
65%
WI103which
65%
NA78named
65%
TH85their
65%
SH166shall
65%
VE83voice
65%
RO106round
65%
RI120right
65%
SP204speak
64%
UN69under
64%
HT46heart
64%
UE55under
64%
DT82death
64%
TO163those
64%
TN106think
64%
FN69found
64%
MT89might
63%
HI67hills
63%
YS51years
63%
AC55acted
63%
VA70value
63%
AM93among
63%
QT16quite
63%
QI23quite
63%
CB41cabin
63%
GN77going
63%
LN86lines
62%
SU192south
62%
OS62opens
62%
OR61other
62%
WH76which
62%
ZA17zebra
62%
SK141speak
62%
FU92found
62%
GL114girls
62%
PT93point
62%
UR39under
62%
QA24quart
62%
FD63found
62%
CM70comes
62%
CK54check
62%
VI75voice
61%
IE53ideas
61%
WO61would
61%
BG56being
61%
GI99going
61%
FC40force
61%
DU91doubt
61%
NO63north
61%
VS62visit
61%
DK41drink
61%
HD55heard
61%
HL72hills
60%
TK49think
60%
SC128since
60%
ES62exist
60%
DC45dance
60%
NI64night
60%
LR86large
60%
HN53hands
60%
JK19jokes
60%
OA47ocean
59%
MR106march
59%
TU93truth
59%
BH41birth
59%
ZR9zebra
59%
JO43joint
59%
WD59would
59%
WL51would
59%
PC51place
59%
EN47enemy
59%
ON36often
59%
RD78round
59%
RT83right
59%
SD114stood
59%
PU99proud
59%
EL38early
58%
YA40years
58%
KN61known
58%
TL78table
58%
MU90mouth
58%
FK30flake
58%
CP77crept
58%
HU52house
58%
RN76round
58%
LT65light
58%
ML79miles
58%
WN56woman
58%
LM41limbs
57%
VL48value
57%
JU41judge
57%
TC46touch
57%
NT36night
57%
GD57guard
57%
DM52dream
57%
HY75happy
57%
LK25looks
56%
AF15after
56%
MY79money
56%
FG33fight
56%
YE43years
56%
LG42light
56%
KE78knees
56%
AH36ahead
55%
LC42local
55%
DY85daily
55%
CY83carry
55%
PK54pluck
55%
PY105party
55%
IN49inner
55%
ZB6zebra
55%
SG76sight
54%
AW17allow
54%
SM98small
54%
BY96badly
54%
MC52march
54%
GU92group
54%
UD20under
54%
LV24leave
54%
RG34right
54%
NR38never
54%
DL67daily
54%
DG34doing
53%
BW26below
53%
MH38might
53%
EI43eight
53%
FH23forth
53%
MK30makes
53%
LD57lived
53%
MD65moved
53%
RU72round
53%
IO28ivory
53%
JI28joint
53%
HP27happy
53%
QS18quest
53%
SY122story
53%
RC36reach
53%
KL44knelt
53%
TB25table
53%
SW97sweet
53%
TG36thing
53%
TD58tried
53%
KA84knave
53%
VO45voice
52%
LU73laugh
52%
GM55gloom
52%
JC9juice
52%
ZS24zones
52%
BM39blame
52%
LH33light
52%
FY69fancy
52%
IR33inner
52%
CG26cigar
52%
EG20eight
51%
TM42times
51%
PD60pride
51%
QK6quick
51%
CW20crowd
51%
IT22items
51%
CF23chief
51%
NH15night
51%
RH30right
50%
AV20above
50%
PH39porch
50%
SV33seven
50%
QR10queer
50%
OT41other
50%
QN8queen
50%
RL53reply
50%
FM32forms
50%
EV16every
50%
DB26doubt
50%
CV29cover
50%
JY27jolly
50%
IL31ideal
50%
LB25labor
50%
BF20brief
49%
JL24jolly
49%
WK27works
49%
EY28every
49%
JN24joint
49%
EO39enjoy
49%
EH14earth
49%
DV21drive
49%
GP36group
48%
DP25depth
48%
NM20named
48%
NL31noble
48%
TP59types
48%
ED39ended
48%
ID33ideas
48%
QL7quail
48%
OL43older
48%
ND33named
48%
AY43angry
48%
YO33young
48%
OP17opera
48%
TY80truly
48%
IS32ideas
48%
HV13heavy
47%
MG21might
47%
HM39human
47%
HK39husky
47%
SF37swift
47%
XX13xenon
47%
WC19which
47%
SB41sober
47%
DW29drawn
47%
GB22globe
47%
OV14olive
47%
LY68lying
47%
LP30lamps
47%
RK25rocks
47%
KO55known
47%
VN32veins
46%
RB31robin
46%
QC2quick
46%
HC20hence
46%
GV13given
46%
RY61ready
46%
YR17years
46%
JP14jumps
46%
YU26young
45%
FB11fable
45%
NC19niece
45%
RP36reply
45%
IA28ideas
45%
TW43threw
45%
JM14jammy
45%
GY78glory
45%
EC25epoch
45%
OI55owing
45%
UL26until
45%
YN20young
45%
XE8xenon
45%
UT23until
44%
YL17yield
44%
KT38knelt
44%
HG17hedge
44%
JT22joint
44%
NV17never
44%
RM39roman
44%
AK28asked
44%
DH22death
44%
UI36until
43%
ZO23zones
43%
US32usual
43%
LF13lofty
43%
JD17judge
43%
FW12fewer
43%
OD34order
43%
VD22vivid
43%
NY35newly
43%
PM34poems
43%
EB12elbow
42%
BP16bumpy
42%
WG20wrong
42%
DF18drift
42%
XO3xenon
42%
RV22river
42%
EX21exact
42%
VT29visit
42%
AX20axiom
42%
NG8night
42%
FV9fiver
42%
OG18ought
41%
GW15grown
41%
GH22ghost
41%
IG10image
41%
VR44verse
41%
WM18woman
41%
HB9habit
41%
DZ11dozen
41%
GF21grief
41%
NU30nurse
40%
PG34pages
40%
NK12naked
40%
FZ17froze
40%
EM28enemy
40%
UA48usual
40%
YT10youth
40%
WY51weary
40%
RF21rifle
40%
FX10foxes
39%
MP11maple
39%
BX8boxes
39%
PW16power
39%
MV10moved
39%
ZI24zeins
38%
TX14taxes
38%
WV10waves
38%
VU24value
38%
CZ11crazy
38%
NB11noble
38%
AZ18amaze
38%
LW10lower
38%
BZ16blaze
38%
JR19jerky
37%
YK17yorks
37%
GC9grace
37%
EU22equal
37%
GZ18graze
37%
WP27wiped
37%
PB9plumb
37%
OC24ocean
37%
EP19empty
37%
OF6often
36%
ZN18zones
36%
IY9ivory
36%
AQ2aquas
36%
OU25ought
36%
FP6flips
36%
VC14voice
36%
MZ12maize
35%
KC9knock
35%
WF15wharf
35%
HZ10hazel
35%
IC16incur
35%
XN4xenon
35%
IM24image
35%
SX11sixty
35%
BV8brave
34%
UC10uncle
34%
TF16thief
34%
PV16prove
34%
MX12mixed
34%
YC15yacht
34%
OH20other
34%
QO8quote
34%
UP21upper
34%
PF10proof
33%
OB18orbit
33%
QD5quads
33%
OM22opium
33%
GK17greek
32%
YH11youth
32%
KD15kinds
32%
ZY11zippy
32%
RW20renew
32%
YD13yards
32%
MW8mower
32%
KY23kitty
31%
EQ3equal
31%
NP12nymph
31%
HF10huffs
31%
VW7views
31%
JG9judge
31%
WX4waxes
31%
RZ6razor
31%
KF13knife
30%
HW11howls
30%
KR48karma
30%
KG7kings
30%
WU14would
30%
SQ7squat
30%
NW11newly
29%
YG12young
29%
JW8jewel
29%
PZ4prize
29%
VP6vapor
29%
QP3quips
29%
VG21vague
28%
SZ11seize
28%
VB3verbs
28%
PX13proxy
28%
JB11jibed
27%
UB12urban
27%
MF7motif
27%
JZ1jazzy
27%
VX6vexed
26%
LX10latex
26%
ZL8zeals
26%
ZM6zooms
26%
LZ4lazes
26%
EJ2enjoy
26%
KP22keeps
26%
QF2quaff
26%
OY15oddly
25%
KW6known
25%
UM17umber
25%
OK8oaken
25%
EW6elbow
25%
JV5jives
25%
MB5maybe
25%
QY4query
25%
XR3xerox
25%
YI18yield
24%
JF3jiffy
24%
OW6owner
24%
ZP2zippy
24%
MJ3major
24%
IP7imply
24%
WB4webby
24%
BJ2banjo
23%
ZT9zests
23%
OZ6ozone
23%
KB17kebab
23%
ZC4zilch
23%
HX8helix
23%
IU15issue
22%
VM8venom
22%
CX12codex
22%
IH4itchy
22%
IV4ivory
22%
PQ1pique
22%
YW9yawed
22%
QM1qualm
22%
IF4infer
21%
WZ7waltz
21%
IK8irked
21%
UG8using
21%
TV2trove
21%
NF5nifty
20%
NX4nexus
19%
YP8yelps
18%
QH4qophs
18%
RX12relax
17%
YM5ylems
17%
UV4uvula
16%
XY6xysts
16%
UH4usher
16%
UF4unfit
16%
DJ3dojos
16%
IB6imbue
16%
TZ6topaz
16%
VY10veiny
15%
HJ6hijab
15%
VH4vouch
15%
TQ3toque
15%
ZH1zilch
15%
KV8knave
15%
KU27klutz
14%
UO11union
14%
QG1quags
14%
KH20khaki
14%
FJ3fjord
14%
RQ1roque
14%
ZG2zingy
14%
DX8detox
13%
RJ5rejig
13%
KM12karma
13%
OX8oxide
13%
UY9unity
13%
EF2edify
12%
IX6index
12%
XL4xylol
12%
KZ4klutz
12%
ZD2zoned
12%
NJ1ninja
12%
UW7unwed
12%
EK8evoke
11%
JH4johns
11%
VZ2vizor
10%
XM1xylem
10%
XS3xysts
10%
XA2xenia
10%
YB3yobbo
10%
XI4xenia
10%
FQ2fique
9%
UZ1unzip
9%
UX4unbox
9%
XT2xysts
9%
CJ1cajon
8%
ZK5zonks
8%
GJ3ganja
8%
NZ4nazis
7%
BQ1burqa
7%
XC3xenic
7%
SJ4shoji
6%
GX2goxes
6%
XB1xebec
6%
OJ1objet
5%
ZX1zaxes
5%
ZW1zowie
5%
AJ2ajiva
5%
TJ2tajes
5%
PJ3pujas
5%
ZU3zebus
5%
MQ1maqui
5%
KX2kexes
5%
UJ1unjam
5%
UK2ukase
5%
KJ3kanji
5%
EZ1enzym
5%
VK2vodka
5%
YF1yaffs
5%
IW1indow
5%
XU1xerus
5%
ZF1zarfs
4%
IZ1izars
4%
QB1qubit
4%
UQ2usque
4%

Score Distribution

Percentile by Number Answered

Percent of People with Each Score

Your Score History

You have not taken this quiz